TimeClock : (Record no. 2836)
[ view plain ]
| 000 -LEADER | |
|---|---|
| fixed length control field | 00458nam a22001817a 4500 |
| 003 - CONTROL NUMBER IDENTIFIER | |
| control field | OSt |
| 005 - DATE AND TIME OF LATEST TRANSACTION | |
| control field | 20181018205316.0 |
| 008 - FIXED-LENGTH DATA ELEMENTS--GENERAL INFORMATION | |
| fixed length control field | 181018b ||||| |||| 00| 0 eng d |
| 040 ## - CATALOGING SOURCE | |
| Transcribing agency | DLC |
| 082 ## - DEWEY DECIMAL CLASSIFICATION NUMBER | |
| Classification number | 270 |
| Item number | R322T |
| 100 ## - MAIN ENTRY--PERSONAL NAME | |
| Personal name | Reece, Eddie |
| 245 ## - TITLE STATEMENT | |
| Title | TimeClock : |
| Remainder of title | A Time For War. A Time For Peace / |
| Statement of responsibility, etc. | By Eddie Reece. |
| 260 ## - PUBLICATION, DISTRIBUTION, ETC. | |
| Place of publication, distribution, etc. | Canada : |
| Name of publisher, distributor, etc. | Gabriel Publishers, |
| Date of publication, distribution, etc. | c2000. |
| 300 ## - PHYSICAL DESCRIPTION | |
| Extent | 294 p.: |
| 500 ## - GENERAL NOTE | |
| General note | Appendix |
| 630 ## - SUBJECT ADDED ENTRY--UNIFORM TITLE | |
| Uniform title | Israel |
| 942 ## - ADDED ENTRY ELEMENTS (KOHA) | |
| Source of classification or shelving scheme | Dewey Decimal Classification |
| Koha item type | Books |
No items available.
